Starting out together : (Record no. 2169)

MARC details
000 -LEADER
fixed length control field 01018pam a2200277 a 4500
001 - CONTROL NUMBER
control field 2106932
003 - CONTROL NUMBER IDENTIFIER
control field GBCCL
005 - DATE AND TIME OF LATEST TRANSACTION
control field 20241126110421.0
008 - FIXED-LENGTH DATA ELEMENTS--GENERAL INFORMATION
fixed length control field 960614s1996 cau b 000 0 eng
010 ## -
-- 96026299
020 ## - INTERNATIONAL STANDARD BOOK NUMBER
International Standard Book Number 0830718761 (hardcover)
040 ## - CATALOGING SOURCE
Original cataloging agency DLC
Transcribing agency DLC
Modifying agency DLC
050 00 -
-- BV4596.M3
-- W47 1996
082 00 - DEWEY DECIMAL CLASSIFICATION NUMBER
Classification number 248.844
Edition information 20
Item number WRI
100 1# - MAIN ENTRY--PERSONAL NAME
Personal name Wright, H. Norman.
9 (RLIN) 714
245 10 - TITLE STATEMENT
Title Starting out together :
Remainder of title couples devotional : for pre-engaged, engaged & newlywed couples /
Statement of responsibility, etc. H. Norman Wright.
260 ## - PUBLICATION, DISTRIBUTION, ETC.
Place of publication, distribution, etc. Ventura, Calif. :
Name of publisher, distributor, etc. Regal Books,
Date of publication, distribution, etc. c1996.
300 ## - PHYSICAL DESCRIPTION
Extent 128 p. ;
Dimensions 22 cm.
504 ## - BIBLIOGRAPHY, ETC. NOTE
Bibliography, etc. note Includes bibliographical references.
650 #0 - SUBJECT ADDED ENTRY--TOPICAL TERM
Topical term or geographic name entry element Spouses
Form subdivision Prayers and devotions.
9 (RLIN) 4437
650 #0 - SUBJECT ADDED ENTRY--TOPICAL TERM
Topical term or geographic name entry element Devotional calendars.
9 (RLIN) 1878
650 #0 - SUBJECT ADDED ENTRY--TOPICAL TERM
Topical term or geographic name entry element Marriage
General subdivision Religious aspects
-- Christianity.
9 (RLIN) 295
906 ## - LOCAL DATA ELEMENT F, LDF (RLIN)
a 7
b cbc
c orignew
d 1
e ocip
f 19
g y-gencatlg
942 ## - ADDED ENTRY ELEMENTS (KOHA)
Source of classification or shelving scheme Dewey Decimal Classification
Koha item type Books
Koha issues (borrowed), all copies 11
Holdings
Withdrawn status Lost status Source of classification or shelving scheme Damaged status Not for loan Home library Current Library Shelving location Date acquired Total checkouts Full call number Barcode Date last seen Date last checked out Copy number Price effective from Koha item type
    Dewey Decimal Classification     GRACE BIBLE COLLEGE GRACE BIBLE COLLEGE Ministry & Mission 2017-07-10 6 248.844 WRI 006609 2025-05-01 2023-09-12 c.1 2017-07-10 Books
    Dewey Decimal Classification     GRACE BIBLE COLLEGE GRACE BIBLE COLLEGE Ministry & Mission 2017-07-10 6 248.844 WRI 006610 2025-05-01 2025-01-08 c.2 2017-07-10 Books
© Grace Bible College Library 2025